<?xml version="1.0" encoding="UTF-8"?>
<collection xmlns="http://www.loc.gov/MARC21/slim">
<record>
  <controlfield tag="001">133038</controlfield>
  <controlfield tag="005">20240321134546.0</controlfield>
  <datafield tag="980" ind1=" " ind2=" ">
    <subfield code="a">REVISTAS</subfield>
    <subfield code="c">UNI</subfield>
  </datafield>
  <datafield tag="540" ind1=" " ind2=" ">
    <subfield code="9">info:eu-repo/semantics/openAccess $a Esta obra está sujeta a una licencia de uso Creative Commons. Se permite la reproducción total o parcial, la distribución, la comunicación pública de la obra y la creación de obras derivadas, siempre que no sea con finalidades comerciales, y sempre que se reconzca la autoria de la obra original.</subfield>
    <subfield code="u">https://creativecommons.org/licenses/by-nc/4.0/</subfield>
  </datafield>
  <datafield tag="710" ind1=" " ind2=" ">
    <subfield code="a">Universidad de Zaragoza</subfield>
  </datafield>
  <datafield tag="856" ind1="4" ind2=" ">
    <subfield code="s">197946960</subfield>
    <subfield code="u">http://zaguan.unizar.es/record/133038/files/1928_numero1.pdf</subfield>
    <subfield code="y">Texto completo (pdf)</subfield>
  </datafield>
  <datafield tag="909" ind1="C" ind2="O">
    <subfield code="o">oai:zaguan.unizar.es:133038</subfield>
    <subfield code="p">driver</subfield>
    <subfield code="p">revistas</subfield>
  </datafield>
  <datafield tag="245" ind1=" " ind2=" ">
    <subfield code="a">Universidad. Revista de cultura y vida universitaria, Año 5, N.1, (1928)</subfield>
  </datafield>
  <datafield tag="260" ind1=" " ind2=" ">
    <subfield code="a">Zaragoza</subfield>
    <subfield code="c">1928</subfield>
  </datafield>
  <datafield tag="520" ind1=" " ind2=" ">
    <subfield code="a">INDICE DE CONTENIDOS: PEDAGOGÍA Aspectos de la reforma universitaria: La Escuela de Periodismo y la Universidad, por Alfredo Mendizábal Villalba. p. 3  FILOSOFÍA Y LETRAS Goya (Noticias bibliográficas), por D. Francisco Zapater y Gómez. p. 33 El renacimiento católico en la literatura contemporánea, por Juan de Hinojosa. p. 65  DERECHO La reforma del Código Penal, por Inocencia Jiménez Vicente. 105 D. 1, 3, 32, pr. (Contribución al estudio de las fuentes de Derecho romano), por Carlos Sánchez Peguero. p. 123  MEDICINA Contribución al estudio de la reacción de Abdherhal-den-Shelheim, por Antonio Ramón Vinós. p. 135  CIENCIAS Cálculo de estrellas eclipsantes por el método de H. N. Russell, por Francisco Sánchez Faba. p. 177 La estabilidad de los coloides y su determinación, por Eduardo M.ª Sánchez Laguarta. p. 205 Acción del óxido de plata amoniacal sobre el huevo de rana (Rana: esculenta); por Manuel Sánchez y Sánchez. p. 211  CRÓNICA El Diablo, aviador (Cuento), por Gabriel Galán. p. 213 VIDA UNIVERSITARIA Universidad de Zaragoza. Cuentas del Patronato de la Universidad de Zaragoza, pertenecientes a los tres primeros trimestres de 1927. Memoria, por el Secretario general. 223 Un curso de conferencias. p. 245 Cursos de verano en Jaca. p. 249 La Fiesta de Santo Tomás. Nuevo Decano. p. 253 Universidad de Madrid. - Conferencias organizadas por la Asociación de Estudiantes Católicos de Medicina de Madrid. p. 254  BIBLIOGRAFÍA.  p. 275  REVISTA DE REVISTAS. p. 287</subfield>
  </datafield>
  <datafield tag="041" ind1=" " ind2=" ">
    <subfield code="a">spa</subfield>
  </datafield>
  <datafield tag="538" ind1=" " ind2=" ">
    <subfield code="a">Texto completo. Available electronically via Internet</subfield>
  </datafield>
</record>
</collection>